Top 25 Instagram Accounts mit den meisten Followern - Statistiken

Allgemein
  • Dieses Quiz wurde 701 mal gespielt
    65 seit der letzten Aktualisierung
  • Das Durchschnittsergebnis liegt bei 8 aus 25
Antwortstatistiken
Rang
Follower
in Mio.
Beruf / Aktivität Land Antwort % Korrekt
2. 670 Fußballer Portugal Christiano Ronaldo - @cristiano
97%
3. 511 Fußballer Argentinien Lionel Messi - @leomessi
95%
1.. 698 Social Media Plattform USA Instagram - @instagram
80%
14. 232 Fußballspieler Brasilien Neymar - @neymarjr
67%
8. 298 Sportartikelhersteller USA Nike - @nike
67%
24. 146 Fußballverein Spanien FC Barcelona - @fcbarcelona
65%
9. 292 Musiker Kanada Justin Bieber - @justinbieber
50%
22. 157 Basketballspieler USA LeBron James - @kingjames
50%
4. 391 Reality-TV-Teilnehmerin u. Unternehmerin USA Kylie Jenner - @kyliejenner
43%
18. 180 Fußballverein Spanien Real Madrid CF - @realmadrid
32%
5. 372 Musikerin u. Schauspielerin USA Ariana Grande - @arianagrande
25%
10. 284 Model, Reality-TV-Teilnehmerin, Promoterin u. Autorin USA Kendall Jenner - @kendalljenner
25%
7. 299 Reality-Show-Teilnehmerin, Model, Unternehmerin u. Moderatorin USA Khloe Kardashian - @khloekardashian
20%
16. 210 Musikerin u. Schauspielerin USA Miley Cyrus - @mileycyrus
17%
6. 308 Musikerin u. Schauspielerin USA Beyoncé - @beyonce
15%
17. 201 Musikerin USA Katy Perry - @katyperry
15%
19. 176 Schauspieler u. Comedian USA Kevin Hart - @kevinhart4real
13%
15. 215 Reality-TV-Teilnehmerin u. Unternehmerin USA Kourtney Kardashian - @kourtneykardash
12%
20. 175 Schauspielerin u. Musikerin USA Zendaya - @zendaya
12%
13. 246 Musikerin u. Schauspielerin USA Jennifer Lopez - @jlo
5%
11. 275 Magazin USA National Geographic - @natgeo
3%
12. 274 Cricketspieler Indien Virat Kohli - @virat.kohli
3%
21. 164 Musikerin und TV-Persönlichkeit USA Cardi B - @iamcardib
2%
25. 143 Musiker USA Chris Brown - @chrisbrownofficial
2%
23. 152 Musikerin u. Schauspielerin USA Demi Lovato - @ddlovato
2%
Keine übereinstimmenden Quizze gefunden
Verteilung der Resultate
Anzahl Personen mit jedem Resultat
Perzentil nach korrekt beantworteten Fragen
Ihre Resultats-Entwicklung
Sie haben dieses Quiz seit der letzten Aktualisierung nicht gespielt